|
|
|
|
| LEADER |
00734nam a2200193 a 4500 |
| 008 |
100623s2003 bg b 001 0 eng d |
| 020 |
|
|
|a 9848820213
|
| 040 |
|
|
|a BD-DhAAL
|c BD-DhAAL
|
| 082 |
0 |
0 |
|a 070.403
|2 22
|
| 100 |
1 |
|
|a Amin, Nurul.
|
| 245 |
1 |
0 |
|a Journalistpedia /
|c Nurul Amin.
|
| 260 |
|
|
|a Dhaka :
|b Mass-line Media Centre,
|c 2003.
|
| 300 |
|
|
|a vi, 146 p. ;
|c 22 cm.
|
| 504 |
|
|
|a Includes bibliographical references and index.
|
| 541 |
1 |
|
|e 00020025
|
| 650 |
|
0 |
|a Journalism
|v Encyclopedias.
|
| 852 |
4 |
|
|a Ayesha Abed Library
|j General Shelf
|
| 999 |
|
|
|c 9105
|d 9105
|
| 952 |
|
|
|0 0
|1 0
|2 ddc
|4 0
|6 070_403000000000000_AMI_2003
|7 0
|9 11318
|a BRACUL
|b BRACUL
|c GEN
|d 2010-06-29
|l 1
|m 2
|o 070.403 AMI
|p 3010020025
|r 2023-05-09
|s 2023-04-13
|t 1
|w 2010-06-29
|y BK
|